[Event "Moscow Open 2007"]
[Site "Moscow"]
[Date "2007.01.27"]
[Round "1"]
[White "Shumilina, Alexandra"]
[Black "Chebotarev, Oleg"]
[Result "1/2-1/2"]
[WhiteElo "2277"]
[BlackElo "2512"]
[PlyCount "130"]
[EventDate "2007.??.??"]

1. e4 e6 2. d3 c5 3. Nf3 Nc6 4. g3 Nge7 5. Bg2 g6 6. O-O Bg7 7. c3 O-O 8. Be3
d6 9. d4 cxd4 10. cxd4 d5 11. e5 Nf5 12. Qd2 Nxe3 13. Qxe3 f6 14. Nbd2 Qb6 15.
exf6 Bxf6 16. Nb3 Bd7 17. Rac1 Rae8 18. Nc5 Bc8 19. b3 Qa5 20. Rc2 Nb4 21. Rd2
b6 22. Na4 Bd7 23. Nc3 Nc6 24. Rfd1 Qb4 25. Ne2 Bg7 26. h4 Ne7 27. Rc2 Nf5 28.
Qc3 Qd6 29. Qc7 Rc8 30. Qxd6 Nxd6 31. Rdc1 a5 32. Rc7 Rfd8 33. Bh3 Nf5 34. Kg2
Rxc7 35. Rxc7 a4 36. Nf4 axb3 37. axb3 Nxd4 38. Nxd4 Bxd4 39. Rxd7 Rxd7 40.
Bxe6+ Rf7 41. Bxd5 Kg7 42. Bxf7 Kxf7 43. Kf3 b5 44. Nd3 Ke6 45. Ke4 Bc3 46. g4
Kd6 47. f4 Ke6 48. Ne5 Kd6 49. Nd3 Ke6 50. f5+ gxf5+ 51. gxf5+ Kd6 52. h5 Bg7
53. Nf4 Bc3 54. Nd5 Bb2 55. b4 h6 56. Ne3 Bc3 57. Nc2 Ke7 58. Kd3 Be5 59. Ne3
Kf6 60. Ng4+ Kxf5 61. Nxh6+ Ke6 62. Ng4 Bd6 63. h6 Kf7 64. Kc3 Kg6 65. Ne3
Bxb4+ 1/2-1/2

[Event "Moscow Open 2007"]
[Site "Moscow"]
[Date "2007.01.27"]
[Round "1"]
[White "Iljushin, Alexei"]
[Black "Musakaev, Emil"]
[Result "0-1"]
[WhiteElo "2510"]
[BlackElo "2268"]
[PlyCount "83"]
[EventDate "2007.??.??"]

1. d4 d5 2. c4 c6 3. Nf3 Nf6 4. Qc2 a6 5. Nbd2 g6 6. g3 b5 7. cxd5 cxd5 8. Bg2
Bf5 9. Qb3 Nc6 10. O-O Bg7 11. a4 b4 12. a5 Rb8 13. Qa4 Bd7 14. Qa2 Rb5 15. Nb3
O-O 16. Ne5 Ne4 17. Nxc6 Bxc6 18. Bf4 Nd6 19. Bxd6 Qxd6 20. e3 Rbb8 21. Rfc1
Bb5 22. Bf1 Bxf1 23. Rxf1 Rfe8 24. Rfc1 e5 25. dxe5 Bxe5 26. Rd1 Red8 27. Nc1
Rb5 28. Nb3 h5 29. Qb1 h4 30. f4 hxg3 31. hxg3 Bf6 32. e4 Qe6 33. e5 Be7 34.
Kg2 Bc5 35. Qd3 Ba7 36. Rac1 d4 37. Rc7 Bb8 38. Rc5 Rxc5 39. Nxc5 Qc6+ 40. Ne4
Ba7 41. Kf2 Kg7 42. b3 0-1

[Event "Moscow Open 2007"]
[Site "Moscow"]
[Date "2007.01.27"]
[Round "1"]
[White "Viliavin, Roman"]
[Black "Naumkin, Igor"]
[Result "1/2-1/2"]
[WhiteElo "2263"]
[BlackElo "2510"]
[PlyCount "96"]
[EventDate "2007.??.??"]

1. e4 e6 2. d4 d5 3. Nc3 Nf6 4. e5 Nfd7 5. f4 c5 6. Nf3 Nc6 7. Be3 cxd4 8. Nxd4
Bc5 9. Qd2 a6 10. Be2 Nxd4 11. Bxd4 Qc7 12. O-O O-O 13. a4 b6 14. Rae1 Bxd4+
15. Qxd4 Qc5 16. Rd1 Bb7 17. a5 Qxd4+ 18. Rxd4 b5 19. Na2 g5 20. g3 gxf4 21.
gxf4 Kh8 22. Rf3 f6 23. exf6 Rxf6 24. Kf2 Raf8 25. Ke3 Rh6 26. h3 Rg8 27. Kf2
Rh4 28. c3 Nc5 29. Nc1 Ne4+ 30. Ke3 Ng3 31. Bd3 Rxh3 32. Nb3 Rh2 33. Nc5 Bc8
34. Rf2 Rh6 35. f5 exf5 36. Rxd5 Rf6 37. Rf4 Nh5 38. Rh4 Re8+ 39. Kf2 Ng7 40.
Nd7 Rfe6 41. Nc5 Rg6 42. b4 h5 43. Be2 Rh6 44. c4 bxc4 45. Bxc4 Kh7 46. Rd1 Rf6
47. Be2 Rh6 48. Rdh1 Rd8 1/2-1/2

[Event "Moscow Open 2007"]
[Site "Moscow"]
[Date "2007.01.27"]
[Round "1"]
[White "Andreikin, Dmitry"]
[Black "Fomin, Andrey"]
[Result "1-0"]
[WhiteElo "2509"]
[BlackElo "2258"]
[PlyCount "49"]
[EventDate "2007.??.??"]

1. e4 e6 2. d4 d5 3. Nc3 Nf6 4. e5 Nfd7 5. f4 c5 6. Nf3 Qb6 7. Ne2 Nc6 8. c3
cxd4 9. Nexd4 a5 10. Qc2 Nxd4 11. cxd4 Bb4+ 12. Kf2 f6 13. Be3 g5 14. exf6 gxf4
15. f7+ Kf8 16. Bxf4 e5 17. Be3 e4 18. Ng5 h6 19. Nh3 Nf6 20. Be2 Bg4 21. Nf4
Kxf7 22. Rhf1 Rac8 23. Qd1 Bxe2 24. Qxe2 Kg7 25. Kg1 1-0

[Event "Moscow Open 2007"]
[Site "Moscow"]
[Date "2007.01.27"]
[Round "1"]
[White "Shamugia, Shavleg"]
[Black "Yudin, Sergei"]
[Result "0-1"]
[WhiteElo "2277"]
[BlackElo "2508"]
[PlyCount "56"]
[EventDate "2007.??.??"]

1. e4 d6 2. d4 Nf6 3. Bd3 e5 4. c3 d5 5. dxe5 Nxe4 6. Nf3 Nc6 7. O-O Be7 8.
Nbd2 Nc5 9. Bc2 Bg4 10. h3 Bh5 11. Re1 d4 12. c4 d3 13. Bb1 Nd4 14. b4 Nc2 15.
Bxc2 dxc2 16. Qxc2 Bg6 17. Qd1 Nd3 18. Rf1 Nxb4 19. Bb2 O-O 20. Qb3 a5 21. a3
a4 22. Qc3 Nd3 23. Rad1 Nxb2 24. Qxb2 Qd3 25. Qxb7 Bxa3 26. Qxc7 Bb2 27. Qd6 a3
28. Rfe1 a2 0-1

[Event "Moscow Open 2007"]
[Site "Moscow"]
[Date "2007.01.27"]
[Round "1"]
[White "Zinchenko, Yaroslav"]
[Black "Airapetian, Tatevik"]
[Result "1/2-1/2"]
[WhiteElo "2507"]
[BlackElo "2245"]
[PlyCount "57"]
[EventDate "2007.??.??"]

1. e4 c5 2. Nf3 d6 3. d4 cxd4 4. Nxd4 Nf6 5. Nc3 a6 6. a4 Nc6 7. Be2 e6 8. O-O
Be7 9. Be3 O-O 10. f4 Qc7 11. Kh1 Re8 12. Bg1 Bd7 13. Nb3 b6 14. Bf3 Bc8 15. e5
dxe5 16. fxe5 Nd7 17. Bxc6 Qxc6 18. Nd4 Qb7 19. Rxf7 Nxe5 20. Rf1 Ng6 21. Qe2
e5 22. Nf3 Bf8 23. Ng5 Qc6 24. Qe4 Qxe4 25. Ngxe4 Rb8 26. Rad1 Nf4 27. Be3 Bb7
28. Bxf4 exf4 29. Rxf4 1/2-1/2

[Event "Moscow Open 2007"]
[Site "Moscow"]
[Date "2007.01.27"]
[Round "1"]
[White "Loginov, Anton"]
[Black "Kharitonov, Alexandr"]
[Result "0-1"]
[WhiteElo "2243"]
[BlackElo "2503"]
[PlyCount "110"]
[EventDate "2007.??.??"]

1. d4 d5 2. c4 c6 3. Nf3 Nf6 4. Qc2 dxc4 5. Qxc4 Bf5 6. g3 e6 7. Bg2 Nbd7 8.
O-O Be7 9. Nc3 O-O 10. e3 Ne4 11. Nd2 Nxd2 12. Bxd2 e5 13. e4 Be6 14. d5 cxd5
15. Nxd5 Nb6 16. Qb3 Bc5 17. Rac1 Bd4 18. Bb4 Re8 19. Bc5 Bxc5 20. Rxc5 Qd6 21.
Qb5 Nxd5 22. exd5 Bd7 23. Qb4 Rac8 24. Rb5 Qxb4 25. Rxb4 b5 26. Re1 f5 27. Rb3
a5 28. Rbe3 Kf7 29. f4 e4 30. g4 g6 31. Kf2 Rc5 32. gxf5 gxf5 33. Rd1 Rc2+ 34.
Re2 Rxe2+ 35. Kxe2 Ke7 36. d6+ Ke6 37. Ke3 Rc8 38. Rd2 Rc1 39. a3 Rg1 40. Bh3
Rh1 41. Rg2 Kxd6 42. Rd2+ Ke7 43. Rf2 Rb1 44. Re2 Be6 45. Rc2 Kf6 46. Re2 h6
47. Rc2 Bc4 48. Rd2 Bd3 49. Kf2 Ke6 50. Ke3 Bf1 51. Bg2 b4 52. axb4 axb4 53.
Kd4 Kf6 54. Rf2 Rd1+ 55. Kc5 e3 0-1

[Event "Moscow Open 2007"]
[Site "Moscow"]
[Date "2007.01.27"]
[Round "1"]
[White "Ivanov, Victor L"]
[Black "Kopylov, Alexander A"]
[Result "1-0"]
[WhiteElo "2502"]
[BlackElo "2237"]
[PlyCount "133"]
[EventDate "2007.??.??"]

1. e4 d6 2. d4 g6 3. Nf3 Nf6 4. Bd3 Bg7 5. O-O O-O 6. c3 Nbd7 7. Re1 e5 8. Bg5
h6 9. Bh4 c6 10. Nbd2 Qc7 11. a4 b6 12. Nc4 Bb7 13. Bf1 Rad8 14. dxe5 dxe5 15.
Qd6 Qxd6 16. Nxd6 Ba8 17. Bc4 g5 18. Bg3 Nh5 19. Rad1 Nf4 20. b4 Bf6 21. Rd2 b5
22. axb5 cxb5 23. Bxb5 Nb6 24. c4 Nc8 25. Nf5 Rxd2 26. Nxd2 Rd8 27. Nxh6+ Kh7
28. Ng4 Be7 29. Nf3 Nd3 30. Re3 f6 31. h4 gxh4 32. Bxh4 Kg7 33. Ba6 Nxb4 34.
Bxc8 Rxc8 35. Nfxe5 Rc7 36. Nxf6 Bxf6 37. Rg3+ Kf8 38. Bxf6 Bxe4 39. Re3 Bc2
40. Bd8 Rc8 41. Ba5 Nc6 42. Nxc6 Rxc6 43. Bb4+ Kf7 44. Re7+ Kg6 45. Rxa7 Rxc4
46. Bd2 Bf5 47. Ra6+ Kh7 48. f3 Rc2 49. Rd6 Kg7 50. g4 Bc8 51. Kf2 Kf7 52. Kg3
Ke7 53. Bb4 Rb2 54. Rd4+ Kf7 55. f4 Rb1 56. f5 Rf1 57. Rd5 Kf6 58. Bc3+ Ke7 59.
Kh4 Bb7 60. Re5+ Kd6 61. Re6+ Kd5 62. Re7 Bc8 63. Kg5 Rf3 64. Rc7 Ba6 65. Bb4
Be2 66. f6 Kd4 67. f7 1-0

[Event "Moscow Open 2007"]
[Site "Moscow"]
[Date "2007.01.27"]
[Round "1"]
[White "Charochkina, Daria"]
[Black "Romanov, Evgeny"]
[Result "0-1"]
[WhiteElo "2235"]
[BlackElo "2501"]
[PlyCount "64"]
[EventDate "2007.??.??"]

1. e4 e5 2. Nf3 Nc6 3. Nc3 Nf6 4. g3 Bc5 5. Bg2 d6 6. h3 a6 7. d3 Be6 8. O-O h6
9. Be3 Bxe3 10. fxe3 Qd7 11. Kh2 d5 12. exd5 Nxd5 13. Nxd5 Bxd5 14. e4 Be6 15.
Nh4 g6 16. Qd2 Qe7 17. a3 Nd4 18. b4 Rd8 19. Rab1 Qg5 20. Qf2 O-O 21. Nf3 Nxf3+
22. Qxf3 h5 23. Qf2 Rd4 24. h4 Qe7 25. Qe3 Kg7 26. Rf2 f6 27. c3 Rd6 28. d4 Bc4
29. d5 c6 30. Qc5 cxd5 31. exd5 b5 32. a4 Rd7 0-1

[Event "Moscow Open 2007"]
[Site "Moscow"]
[Date "2007.01.27"]
[Round "1"]
[White "Aslanov, Sergei"]
[Black "Askarov, Marat"]
[Result "0-1"]
[WhiteElo "2233"]
[BlackElo "2487"]
[PlyCount "54"]
[EventDate "2007.??.??"]

1. e4 c5 2. Nf3 d6 3. d4 cxd4 4. Nxd4 Nf6 5. Nc3 a6 6. Bc4 e6 7. Bb3 Nc6 8. Be3
Be7 9. f4 O-O 10. Qf3 Qc7 11. O-O Bd7 12. f5 Kh8 13. Kh1 Na5 14. g4 d5 15. exd5
Nxb3 16. cxb3 Nxd5 17. Nxd5 exd5 18. g5 Qe5 19. Rae1 Bxg5 20. Bf2 Qd6 21. Bg3
Qh6 22. Qxd5 Rad8 23. Qxb7 Bc8 24. Qe4 Rxd4 25. Qxd4 Bb7+ 26. Kg1 Qc6 27. Re2
Bd8 0-1

[Event "Moscow Open 2007"]
[Site "Moscow"]
[Date "2007.01.27"]
[Round "1"]
[White "Yuzhakov, Oleg"]
[Black "Dobrov, Vladimir"]
[Result "1-0"]
[WhiteElo "2221"]
[BlackElo "2479"]
[PlyCount "115"]
[EventDate "2007.??.??"]

1. e4 c5 2. c3 d5 3. exd5 Qxd5 4. d4 Nf6 5. Nf3 e6 6. Be2 cxd4 7. cxd4 Nc6 8.
Nc3 Qd6 9. O-O Be7 10. h3 O-O 11. Be3 b6 12. a3 Bb7 13. Bd3 Rad8 14. Qc2 Qb8
15. Rad1 g6 16. b4 Qa8 17. Be2 Nd5 18. Nxd5 Rxd5 19. Bc4 Rh5 20. Ne1 Rd8 21.
Qb3 Bf6 22. d5 Ne5 23. Bd4 b5 24. Be2 Bxd5 25. Qc3 Bxg2 26. Bxh5 Rxd4 27. Rxd4
Bxf1 28. Kxf1 Qh1+ 29. Ke2 Nc6 30. Rd8+ Kg7 31. Rg8+ Kxg8 32. Qxf6 Qe4+ 33. Kf1
gxh5 34. Qg5+ Kf8 35. Qc5+ Ne7 36. Qxb5 Nf5 37. Qc5+ Kg7 38. f3 Qh4 39. Qxa7
Qxh3+ 40. Ke2 Qh2+ 41. Qf2 Qe5+ 42. Kf1 Qa1 43. b5 Qxa3 44. b6 h4 45. Kg2 Qa6
46. Qb2+ Kg6 47. b7 Ne3+ 48. Kh3 Qf1+ 49. Kh2 Ng4+ 50. fxg4 Qf4+ 51. Kg1 Qb8
52. Ng2 h3 53. Nh4+ Kg5 54. Nf3+ Kxg4 55. Ne5+ Kf5 56. Qf2+ Kg5 57. Qg3+ Kf5
58. Qg4+ 1-0

[Event "Moscow Open 2007"]
[Site "Moscow"]
[Date "2007.01.27"]
[Round "1"]
[White "Krapivin, Alexander"]
[Black "Semenova, Irina"]
[Result "1-0"]
[WhiteElo "2478"]
[BlackElo "2218"]
[PlyCount "93"]
[EventDate "2007.??.??"]

1. e4 e5 2. Nf3 Nc6 3. Nc3 Nf6 4. d4 exd4 5. Nxd4 Bb4 6. Nxc6 bxc6 7. Bd3 d5 8.
exd5 cxd5 9. O-O O-O 10. Bg5 c6 11. Qf3 Be7 12. h3 Rb8 13. b3 Be6 14. Ne2 c5
15. Nf4 Rb6 16. Rae1 h6 17. Bxf6 Bxf6 18. Nxe6 Rxe6 19. Rxe6 fxe6 20. Qg4 Qd6
21. Qg6 Bd4 22. c4 Rf6 23. Qh7+ Kf7 24. Be2 Qg3 25. Bh5+ Ke7 26. Qc2 Qe5 27.
Be2 h5 28. cxd5 exd5 29. Qd1 g6 30. Bf3 Re6 31. Qd2 a6 32. Qh6 Rf6 33. Qg7+ Kd6
34. Qg8 Qe6 35. Qb8+ Kc6 36. Qa8+ Kb6 37. Bxd5 Bxf2+ 38. Kh1 Qd6 39. Qb7+ Ka5
40. a3 Bd4 41. Rb1 h4 42. b4+ cxb4 43. axb4+ Ka4 44. b5 a5 45. b6 Bxb6 46. Qc8
Bc5 47. Qe8+ 1-0

[Event "Moscow Open 2007"]
[Site "Moscow"]
[Date "2007.01.27"]
[Round "1"]
[White "Ivakhinova, Inna"]
[Black "Gasanov, Eldar"]
[Result "0-1"]
[WhiteElo "2216"]
[BlackElo "2477"]
[PlyCount "70"]
[EventDate "2007.??.??"]

1. d4 Nf6 2. Nf3 e6 3. Bg5 h6 4. Bh4 d6 5. c4 g5 6. Bg3 Nh5 7. e4 Bg7 8. Nc3 c5
9. d5 exd5 10. Qxd5 Nxg3 11. hxg3 Be6 12. Qd2 Nc6 13. Bd3 a6 14. O-O O-O 15.
Rac1 Rb8 16. Nd5 b5 17. b3 Rb7 18. Ne3 Re8 19. Rfd1 b4 20. Bc2 Rd7 21. g4 h5
22. gxh5 g4 23. Nh2 Qh4 24. Nf5 Bxf5 25. exf5 Nd4 26. Re1 Be5 27. Nf1 Qxh5 28.
Ng3 Qh4 29. Re4 f6 30. Bd1 Rg7 31. Qe1 Kf7 32. Kf1 Rh8 33. f4 gxf3 34. Rxh4
Rxh4 35. Qf2 Bxg3 0-1

[Event "Moscow Open 2007"]
[Site "Moscow"]
[Date "2007.01.27"]
[Round "1"]
[White "Dvalishvili, Pavel S"]
[Black "Novikov, Valeri"]
[Result "1-0"]
[WhiteElo "2477"]
[BlackElo "2212"]
[PlyCount "121"]
[EventDate "2007.??.??"]

1. d4 Nf6 2. Nf3 g6 3. c4 Bg7 4. Nc3 d6 5. g3 O-O 6. Bg2 c6 7. O-O Qc7 8. Bf4
a5 9. c5 Nh5 10. cxd6 exd6 11. Bd2 Bg4 12. d5 Qd7 13. Na4 Ra6 14. dxc6 bxc6 15.
Bc3 Nf6 16. Rc1 Re8 17. Re1 c5 18. b3 Nc6 19. Qd3 Qc8 20. Bxf6 Nb4 21. Qd2 Bxf6
22. a3 Be6 23. axb4 axb4 24. Qd1 Rxa4 25. bxa4 b3 26. Qxd6 c4 27. Qf4 Bg7 28.
Nd4 c3 29. Nxb3 Bxb3 30. Qb4 Qb8 31. Qxb8 Rxb8 32. a5 Bc4 33. Rb1 Rb2 34. Be4
Bd4 35. e3 Be5 36. Rxb2 cxb2 37. Rd1 Bc7 38. Rd2 Bxa5 39. Rxb2 Kg7 40. Bd5 Bc3
41. Rc2 Bxd5 42. Rxc3 Ba2 43. e4 Kf6 44. f4 h6 45. Kf2 Be6 46. Ke3 Bg4 47. Kd4
Bh3 48. Rc6+ Kg7 49. Ke5 Bg2 50. Rc7 Bh3 51. f5 gxf5 52. exf5 Bg4 53. Kf4 Bd1
54. g4 Bb3 55. h4 Ba2 56. g5 hxg5+ 57. hxg5 Bb3 58. g6 Kf6 59. Rc6+ Kg7 60. Kg5
fxg6 61. fxg6 1-0

[Event "Moscow Open 2007"]
[Site "Moscow"]
[Date "2007.01.27"]
[Round "1"]
[White "Ostertag, Galina"]
[Black "Tunik, Gennady"]
[Result "0-1"]
[WhiteElo "2210"]
[BlackElo "2475"]
[PlyCount "94"]
[EventDate "2007.??.??"]

1. e4 c5 2. Nc3 Nc6 3. g3 g6 4. Bg2 Bg7 5. d3 d6 6. Be3 Rb8 7. Qd2 b5 8. Nge2
Nd4 9. Nd1 Bg4 10. Bxd4 cxd4 11. h3 Bd7 12. O-O e6 13. f4 Ne7 14. g4 f5 15.
exf5 exf5 16. Nf2 O-O 17. g5 Qc7 18. Rfe1 Rfe8 19. Ng3 Bc6 20. Re2 Bxg2 21.
Kxg2 Nd5 22. Rae1 Ne3+ 23. Kg1 Qc6 24. Nd1 Qf3 25. Kh2 Qxf4 26. Nxe3 dxe3 27.
Rxe3 Rxe3 28. Rxe3 Be5 29. d4 Qxd4 30. Qxd4 Bxd4 31. Rb3 a5 32. Kg2 a4 33. Rb4
Bc5 34. Rf4 Be3 35. Rb4 Bxg5 36. c4 Bd2 37. Rxb5 Rxb5 38. cxb5 Ba5 39. Ne2 Kf7
40. Kf3 Ke6 41. b3 axb3 42. Nd4+ Kd5 43. Nxb3 Bd8 44. a4 Kc4 45. a5 Kxb3 46. b6
Kb4 47. b7 Bc7 0-1

[Event "Moscow Open 2007"]
[Site "Moscow"]
[Date "2007.01.27"]
[Round "1"]
[White "Petrushin, Alexander I"]
[Black "Bacherikov, Vitaly"]
[Result "1-0"]
[WhiteElo "2473"]
[BlackElo "2209"]
[PlyCount "89"]
[EventDate "2007.??.??"]

1. e4 c6 2. d4 d5 3. Nc3 dxe4 4. Nxe4 Nd7 5. Bc4 Ngf6 6. Ng5 e6 7. Qe2 Nb6 8.
Bd3 h6 9. N5f3 c5 10. Be3 Qc7 11. Ne5 Bd6 12. Ngf3 Nbd7 13. Nxd7 Bxd7 14. dxc5
Bxc5 15. Bxc5 Qxc5 16. Ne5 O-O 17. O-O-O Bc6 18. Kb1 Rfd8 19. Rhe1 Rac8 20. f4
Nd5 21. g3 Nb4 22. Nxf7 Kxf7 23. Qxe6+ Kf8 24. Bc4 Bd5 25. Qf5+ Kg8 26. Bb3 Qc6
27. Rxd5 Rxd5 28. c3 Kh8 29. Qe4 a5 30. a4 Rdd8 31. cxb4 Re8 32. Qh1 Re2 33.
bxa5 Rce8 34. Rc1 Qf6 35. Bc2 Qf7 36. Qd1 R2e3 37. Qd4 Qe7 38. Rd1 Rc8 39. Rd2
Re1+ 40. Ka2 Qe6+ 41. Bb3 Qf5 42. Qd3 Rcc1 43. Qd8+ Kh7 44. Bg8+ Kg6 45. Rd6+
1-0

[Event "Moscow Open 2007"]
[Site "Moscow"]
[Date "2007.01.27"]
[Round "1"]
[White "Cherenkov, Andrey"]
[Black "Rakhmanov, Aleksandr"]
[Result "0-1"]
[WhiteElo "2206"]
[BlackElo "2473"]
[PlyCount "54"]
[EventDate "2007.??.??"]

1. e4 c5 2. Nc3 Nc6 3. g3 g6 4. Bg2 Bg7 5. d3 Rb8 6. Be3 b5 7. Qd2 b4 8. Nd1 d6
9. Ne2 e6 10. O-O Qc7 11. c3 bxc3 12. bxc3 Ne5 13. f3 Ba6 14. Nf2 Ne7 15. Rfd1
h5 16. h3 O-O 17. g4 hxg4 18. hxg4 f5 19. Bh6 fxg4 20. Bxg7 Kxg7 21. fxg4 d5
22. Qe3 Rf7 23. Nf4 Rxf4 24. Qxf4 Rf8 25. Qg5 Nf3+ 26. Bxf3 Qg3+ 27. Bg2 Qxf2+
0-1

[Event "Moscow Open 2007"]
[Site "Moscow"]
[Date "2007.01.27"]
[Round "1"]
[White "Sitnikov, Anton"]
[Black "Repina, Varvara"]
[Result "1-0"]
[WhiteElo "2467"]
[BlackElo "2200"]
[PlyCount "73"]
[EventDate "2007.??.??"]

1. e4 c5 2. Nf3 d6 3. d4 cxd4 4. Nxd4 Nf6 5. f3 e5 6. Bb5+ Bd7 7. Bxd7+ Qxd7 8.
Nf5 d5 9. Bg5 dxe4 10. Bxf6 Qxd1+ 11. Kxd1 gxf6 12. fxe4 Rg8 13. g3 Nc6 14. c3
Rd8+ 15. Kc2 Ne7 16. Nxe7 Kxe7 17. Na3 Rg4 18. Rhe1 h5 19. Nb5 h4 20. Nxa7 hxg3
21. hxg3 Rxg3 22. Re2 f5 23. exf5 Kf6 24. Rae1 Bd6 25. Rd1 Rgg8 26. Red2 Be7
27. Nb5 Rxd2+ 28. Rxd2 Rd8 29. Rxd8 Bxd8 30. Nd6 Be7 31. Nxb7 Kxf5 32. a4 Ke6
33. a5 Kd7 34. a6 Kc7 35. b4 f5 36. Na5 Kb6 37. a7 1-0

[Event "Moscow Open 2007"]
[Site "Moscow"]
[Date "2007.01.27"]
[Round "1"]
[White "Kharmunova, Nadejda"]
[Black "Gavrilov, Alexei"]
[Result "0-1"]
[WhiteElo "2198"]
[BlackElo "2465"]
[PlyCount "54"]
[EventDate "2007.??.??"]

1. e4 c6 2. d4 d5 3. exd5 cxd5 4. Bd3 Nc6 5. c3 Qc7 6. h3 Nf6 7. Nf3 g6 8. O-O
Bf5 9. Bxf5 gxf5 10. Nh4 e6 11. Re1 Be7 12. Bh6 Ne4 13. Nf3 O-O-O 14. b4 Rhg8
15. b5 Na5 16. Ne5 Bh4 17. Rf1 Bxf2+ 18. Rxf2 Nxf2 19. Kxf2 f6 20. Bf4 fxe5 21.
Bxe5 Qe7 22. Qa4 Nc4 23. Bf4 e5 24. dxe5 Qc5+ 25. Kf1 Rxg2 26. Kxg2 Rg8+ 27.
Kf3 Qg1 0-1

[Event "Moscow Open 2007"]
[Site "Moscow"]
[Date "2007.01.27"]
[Round "1"]
[White "Konovalov, Nikolay"]
[Black "Pluzhnik, Mikhail"]
[Result "1-0"]
[WhiteElo "2463"]
[BlackElo "2198"]
[PlyCount "65"]
[EventDate "2007.??.??"]

1. d4 d5 2. c4 c6 3. Nc3 Nf6 4. e3 e6 5. b3 Bb4 6. Bb2 Ne4 7. Nge2 O-O 8. a3
Qf6 9. f3 Nxc3 10. Bxc3 Bxc3+ 11. Nxc3 Nd7 12. Qd2 Re8 13. Be2 Qg5 14. O-O Nf6
15. f4 Qh4 16. Bd3 Ng4 17. h3 Nh6 18. b4 Bd7 19. a4 dxc4 20. Bxc4 Rad8 21. Ne4
Bc8 22. Qf2 Qe7 23. b5 Bd7 24. Nc5 Rb8 25. Rfb1 Rec8 26. b6 a6 27. Nxb7 Rxb7
28. Bxa6 Be8 29. a5 Ra8 30. Bxb7 Qxb7 31. a6 Qb8 32. b7 Ra7 33. Qc2 1-0

[Event "Moscow Open 2007"]
[Site "Moscow"]
[Date "2007.01.27"]
[Round "1"]
[White "Tarlev, Konstantin"]
[Black "Arslanov, Shamil"]
[Result "1-0"]
[WhiteElo "2454"]
[BlackElo "2192"]
[PlyCount "69"]
[EventDate "2007.??.??"]

1. d4 Nf6 2. c4 g6 3. Bg5 Bg7 4. Nc3 O-O 5. Nf3 d6 6. e3 h6 7. Bh4 g5 8. Bg3
Nh5 9. Bd3 f5 10. d5 e5 11. dxe6 Nc6 12. Nb5 Nxg3 13. hxg3 Bxe6 14. Qd2 Ne5 15.
Nfd4 Bd7 16. Nc3 c6 17. Be2 Qf6 18. f4 Ng6 19. Kf2 gxf4 20. gxf4 Nxf4 21. Rad1
Ng6 22. Nf3 d5 23. cxd5 Ne5 24. Nxe5 Qxe5 25. Bc4 Kh8 26. Ne2 cxd5 27. Nf4 Rf6
28. Bxd5 Bc6 29. Qc2 Kh7 30. g4 Bxd5 31. Rxd5 Rc6 32. Qxf5+ Qxf5 33. gxf5 Bxb2
34. Rd7+ Kg8 35. Rg1+ 1-0

[Event "Moscow Open 2007"]
[Site "Moscow"]
[Date "2007.01.27"]
[Round "1"]
[White "Vladimirov, Ivan"]
[Black "Danin, Alexandre"]
[Result "1/2-1/2"]
[WhiteElo "2191"]
[BlackElo "2451"]
[PlyCount "74"]
[EventDate "2007.??.??"]

1. e4 e6 2. d4 d5 3. Nc3 Nf6 4. Bg5 Be7 5. Bxf6 Bxf6 6. Nf3 O-O 7. Be2 c6 8.
O-O Nd7 9. Qd2 g6 10. e5 Bg7 11. Nd1 f6 12. exf6 Bxf6 13. c4 dxc4 14. Bxc4 Nb6
15. Bb3 a5 16. Re1 Nd5 17. Nc3 Bg7 18. Re4 Qf6 19. Qg5 b5 20. Qxf6 Bxf6 21. a4
b4 22. Nxd5 cxd5 23. Re2 Bd7 24. Rc1 Rfc8 25. Rec2 Rxc2 26. Rxc2 Bd8 27. Kf1
Kg7 28. Rc1 g5 29. Ne5 Rc8 30. Rc2 Rxc2 31. Bxc2 Be8 32. Ke2 h5 33. g3 Be7 34.
f4 Kf6 35. Kf3 gxf4 36. gxf4 Bd6 37. b3 Bf8 1/2-1/2

[Event "Moscow Open 2007"]
[Site "Moscow"]
[Date "2007.01.27"]
[Round "1"]
[White "Smirnov, Igor"]
[Black "Kineva, Ekaterina"]
[Result "1-0"]
[WhiteElo "2439"]
[BlackElo "2190"]
[PlyCount "105"]
[EventDate "2007.??.??"]

1. e4 c5 2. Nf3 e6 3. d4 cxd4 4. Nxd4 a6 5. Bd3 d6 6. O-O Be7 7. c4 Nf6 8. Nc3
Nbd7 9. Qe2 Qc7 10. f4 b6 11. Bd2 Bb7 12. f5 e5 13. Nb3 h5 14. Nd5 Nxd5 15.
cxd5 Qd8 16. Rac1 h4 17. Rc2 Nc5 18. Nxc5 dxc5 19. Qg4 h3 20. g3 Kf8 21. Rfc1
Bc6 22. b4 Bb5 23. Qe2 Bd7 24. Bxa6 cxb4 25. Bb7 Rb8 26. Bc6 Bc5+ 27. Be3 Bxe3+
28. Qxe3 Bc8 29. Qb3 Qg5 30. Qxb4+ Kg8 31. Qd2 Qg4 32. d6 Kh7 33. Qe2 Qg5 34.
Bd5 Ba6 35. Qxa6 Qe3+ 36. Kf1 b5 37. Re1 Qd3+ 38. Rce2 Rhc8 39. Qa7 Rc2 40. Qf2
Rbc8 41. d7 Rd8 42. Kg1 Rxe2 43. Qxe2 Qd4+ 44. Qf2 Qc3 45. Bxf7 Rxd7 46. Bd5
Rc7 47. Qe2 Qd4+ 48. Kf1 Kh6 49. Qe3+ Qxe3 50. Rxe3 Rc2 51. Re2 Rc1+ 52. Kf2
Kg5 53. Be6 1-0

[Event "Moscow Open 2007"]
[Site "Moscow"]
[Date "2007.01.27"]
[Round "1"]
[White "Bogumil, Tatiana"]
[Black "Vorotnikov, Vladislav V"]
[Result "1/2-1/2"]
[WhiteElo "2188"]
[BlackElo "2437"]
[PlyCount "76"]
[EventDate "2007.??.??"]

1. Nf3 d6 2. d4 Bg4 3. e4 Nf6 4. Nc3 c6 5. Be2 e6 6. O-O Be7 7. h3 Bh5 8. a4 d5
9. Ne5 Bxe2 10. Qxe2 O-O 11. Rd1 Nbd7 12. Bf4 Nxe5 13. dxe5 Nd7 14. exd5 exd5
15. Qg4 f5 16. exf6 Nxf6 17. Qe6+ Kh8 18. Be3 Qc7 19. h4 Bb4 20. Rd3 Nd7 21.
Qg4 Bd6 22. Bd4 Ne5 23. Bxe5 Bxe5 24. g3 Qb6 25. Qe2 Bxc3 26. bxc3 Rae8 27. Qd2
Re7 28. Rd4 Rfe8 29. Rb4 Qc7 30. Rf4 Qe5 31. Rb1 h6 32. a5 Qc7 33. c4 dxc4 34.
Rxc4 Re2 35. Qb4 Qf7 36. Rf4 Qd7 37. c4 Qd3 38. Rf1 Qd7 1/2-1/2

[Event "Moscow Open 2007"]
[Site "Moscow"]
[Date "2007.01.27"]
[Round "1"]
[White "Venevtsev, Andrey"]
[Black "Mozharov, Mikhail"]
[Result "0-1"]
[WhiteElo "2181"]
[BlackElo "2425"]
[PlyCount "50"]
[EventDate "2007.??.??"]

1. e4 c5 2. Nf3 d6 3. d4 cxd4 4. Nxd4 Nf6 5. Nc3 a6 6. Bc4 e6 7. Bb3 Be7 8. O-O
Nc6 9. Be3 Qc7 10. f4 Bd7 11. Qf3 Nxd4 12. Bxd4 Bc6 13. Qg3 O-O 14. e5 dxe5 15.
Bxe5 Qb6+ 16. Kh1 Rad8 17. f5 Rd2 18. Rg1 exf5 19. Raf1 Nh5 20. Qh3 g6 21. Rxf5
Bd7 22. Rxh5 Bxh3 23. Rxh3 Qc6 24. Rf3 Bd6 25. Bf6 Qxf3 0-1

[Event "Moscow Open 2007"]
[Site "Moscow"]
[Date "2007.01.27"]
[Round "1"]
[White "Balashov, Yuri S"]
[Black "Ambartsumova, Karina"]
[Result "1-0"]
[WhiteElo "2422"]
[BlackElo "2179"]
[PlyCount "63"]
[EventDate "2007.??.??"]

1. Nf3 Nf6 2. d4 c5 3. e3 e6 4. Bd3 Nc6 5. O-O Be7 6. b3 O-O 7. Bb2 d5 8. Nbd2
b6 9. a3 Bb7 10. Qe2 Re8 11. Rad1 Qc7 12. Rfe1 Rad8 13. Bb5 Nd7 14. dxc5 bxc5
15. e4 Nf8 16. h4 Qb6 17. h5 h6 18. Ne5 Nxe5 19. Bxe5 Nd7 20. exd5 Bxd5 21. Bb2
Bf8 22. Bc4 Ba8 23. Qg4 Nb8 24. Re3 Qb7 25. Rg3 e5 26. Bd3 Nc6 27. Qf5 Rxd3 28.
cxd3 Nd4 29. Bxd4 exd4 30. Ne4 Kh8 31. Nf6 gxf6 32. Qg4 1-0

[Event "Moscow Open 2007"]
[Site "Moscow"]
[Date "2007.01.27"]
[Round "1"]
[White "Morev, Ivan"]
[Black "Shabanov, Yuri"]
[Result "0-1"]
[WhiteElo "2178"]
[BlackElo "2422"]
[PlyCount "46"]
[EventDate "2007.??.??"]

1. e4 d6 2. d4 Nf6 3. Nc3 g6 4. Be3 c6 5. h3 Nbd7 6. Bd3 e5 7. Nge2 Bg7 8. Qd2
O-O 9. O-O-O b5 10. g4 Qa5 11. a3 Rb8 12. Nb1 Qc7 13. Ng3 exd4 14. Bxd4 c5 15.
Be3 b4 16. axb4 cxb4 17. Be2 Nc5 18. Bxc5 Qxc5 19. f4 Bb7 20. Bf3 Rfc8 21. Rh2
Nd7 22. Qxd6 Qe3+ 23. Rdd2 Nc5 0-1